[Event "OSREDNJA SLOVENSKA LIGA 2025"]
[Site "gostovanja"]
[Date "2025.10.16"]
[Round "5.1"]
[White "Skok, Boris"]
[Black "Justin, Matjaz"]
[Result "1/2-1/2"]
[WhiteElo "1945"]
[BlackElo "2210"]
[PlyCount "82"]
[EventDate "2025.09.18"]
[WhiteTeam "SD CRNI GRABEN"]
[BlackTeam "SD VRHNIKA"]

1. d4 Nf6 2. c4 e6 3. Nf3 a6 4. Nc3 c5 5. d5 b5 6. Bg5 h6 7. Bxf6 Qxf6 8. e3
bxc4 9. Bxc4 d6 10. O-O e5 11. Nd2 Qg6 12. f4 Nd7 13. Qe2 f5 14. e4 fxe4 15.
Ndxe4 Be7 16. Bd3 O-O 17. Nxc5 Qe8 18. Ne6 Rb8 19. Nxf8 Bxf8 20. Bf5 Nf6 21.
Bxc8 Qxc8 22. fxe5 dxe5 23. Kh1 Bd6 24. Rac1 Qe8 25. Qxa6 Qe7 26. Qe2 e4 27.
Rce1 Qe5 28. g3 Re8 29. Rf4 e3 30. Qc4 Qh5 31. Rxf6 gxf6 32. Kg2 f5 33. Ne2 f4
34. Nxf4 Bxf4 35. Qxf4 Qxd5+ 36. Qf3 Qxa2 37. Rxe3 Rxe3 38. Qxe3 Qxb2+ 39. Kh3
Kg7 40. Qe7+ Kg6 41. Qe6+ Kg7 1/2-1/2

[Event "OSREDNJA SLOVENSKA LIGA 2025"]
[Site "gostovanja"]
[Date "2025.10.16"]
[Round "5.1"]
[White "Praznik, Anton"]
[Black "Osolin, Bogdan"]
[Result "1/2-1/2"]
[WhiteElo "1962"]
[BlackElo "1904"]
[PlyCount "123"]
[EventDate "2025.09.18"]
[WhiteTeam "SD VRHNIKA"]
[BlackTeam "SD CRNI GRABEN"]

1. e4 c5 2. Nf3 Nf6 3. Nc3 d6 4. d4 cxd4 5. Nxd4 e6 6. Be2 Be7 7. Be3 a6 8. a4
b6 9. f4 Qc7 10. Bf3 Bb7 11. O-O O-O 12. e5 dxe5 13. Bxb7 Ra7 14. Bf3 exd4 15.
Qxd4 Bc5 16. Qd2 Nbd7 17. Kh1 Qb8 18. Rad1 Rc8 19. g3 Rac7 20. Rfe1 Bb4 21. Bd4
Rc4 22. Re3 h6 23. Rd3 Nd5 24. Bxd5 exd5 25. Qg2 Bxc3 26. Rxc3 Qd6 27. Rdd3 Re8
28. Re3 Rxe3 29. Bxe3 Rxa4 30. Qf3 Nf6 31. Rd3 Qe6 32. Kg2 Re4 33. h3 b5 34.
Bf2 Re2 35. Re3 Rxe3 36. Qxe3 Qc6 37. Qd3 Ne4 38. Bd4 b4 39. Kf3 a5 40. c4 Qxc4
41. Qxc4 Nd2+ 42. Ke2 Nxc4 43. b3 Nd6 44. Bb6 Ne4 45. Bxa5 Nxg3+ 46. Kd3 Nh5
47. Ke3 f5 48. Bxb4 Kf7 49. h4 Ke6 50. Bc3 Kd6 51. Be5+ Kc5 52. Kd3 g6 53. Kc3
Ng3 54. b4+ Kc6 55. Kd4 Ne2+ 56. Kd3 Ng1 57. Bg7 Nf3 58. Ke3 Nxh4 59. Bxh6 Kb5
60. Kd4 Kc6 61. b5+ Kxb5 62. Kxd5 1/2-1/2

[Event "OSREDNJA SLOVENSKA LIGA 2025"]
[Site "gostovanja"]
[Date "2025.10.16"]
[Round "5.1"]
[White "Majcen, Zoran"]
[Black "Sever, Gasper"]
[Result "0-1"]
[WhiteElo "1904"]
[BlackElo "1856"]
[PlyCount "90"]
[EventDate "2025.09.18"]
[WhiteTeam "SD CRNI GRABEN"]
[BlackTeam "SD VRHNIKA"]

1. e4 e5 2. d4 exd4 3. Qxd4 Nc6 4. Qe3 b6 5. Bd2 Bc5 6. Qg3 Nf6 7. Nc3 O-O 8.
O-O-O d6 9. f3 Be6 10. h4 a6 11. h5 Ne8 12. Nd5 f5 13. Bg5 Qd7 14. Nh3 fxe4 15.
fxe4 Ne5 16. Be2 Bxd5 17. Rxd5 Qa4 18. Qb3 Qxb3 19. axb3 a5 20. Rdd1 a4 21.
bxa4 Rxa4 22. Bd3 h6 23. Bh4 d5 24. Rhe1 d4 25. Rf1 Nxd3+ 26. Kb1 Ne5 27. Rxf8+
Kxf8 28. Nf4 Nf6 29. Rf1 Kf7 30. Nd5 Neg4 31. Nxc7 Kg8 32. e5 d3 33. exf6 dxc2+
34. Kxc2 Ne3+ 35. Kb3 Rb4+ 36. Kc3 Nxf1 37. Bf2 Rf4 38. Bxc5 bxc5 39. fxg7 Ne3
40. Ne6 Re4 41. Nd8 Nxg2 42. Nb7 Ne3 43. Kd3 Re5 44. b3 Kxg7 45. Na5 c4+ 0-1

[Event "OSREDNJA SLOVENSKA LIGA 2025"]
[Site "gostovanja"]
[Date "2025.10.16"]
[Round "5.1"]
[White "Markovic, Jelena"]
[Black "Arlic, Nejc"]
[Result "1/2-1/2"]
[WhiteElo "1747"]
[BlackElo "1838"]
[PlyCount "79"]
[EventDate "2025.09.18"]
[WhiteTeam "SD VRHNIKA"]
[BlackTeam "SD CRNI GRABEN"]

1. d4 f5 2. c4 Nf6 3. Nc3 g6 4. Nf3 Bg7 5. Qc2 O-O 6. e3 d6 7. Be2 Nc6 8. O-O
e5 9. dxe5 dxe5 10. Rd1 Qe7 11. a3 h6 12. b4 e4 13. Nd4 Ne5 14. c5 Bd7 15. a4
c6 16. Ba3 a6 17. b5 Rfd8 18. bxa6 bxa6 19. a5 Rdb8 20. Rab1 Bc8 21. Na4 Nd5
22. Qa2 Qf7 23. Qc2 Nc7 24. Rxb8 Rxb8 25. Nb6 Bb7 26. Rb1 Nb5 27. Bb2 Kh7 28.
Rd1 Rd8 29. Nc4 Qe7 30. Nb3 Rxd1+ 31. Qxd1 Nxc4 32. Bxg7 Nxe3 33. fxe3 Qxg7 34.
Qc2 Bc8 35. Bxb5 axb5 36. Nd4 Qc7 37. Qa2 Ba6 38. Nxc6 Qxc6 39. Qf7+ Kh8 40.
Qf8+ 1/2-1/2

[Event "OSREDNJA SLOVENSKA LIGA 2025"]
[Site "gostovanja"]
[Date "2025.10.16"]
[Round "5.2"]
[White "Gantar, Jan"]
[Black "Lah, Emil"]
[Result "1-0"]
[WhiteElo "2178"]
[BlackElo "1953"]
[PlyCount "105"]
[EventDate "2025.09.18"]
[WhiteTeam "SK KOMENDA POPOTNIK"]
[BlackTeam "SK TRZIN BUSCOTRADE"]

1. e4 c5 2. Nc3 d6 3. Nge2 Nf6 4. d4 cxd4 5. Nxd4 a6 6. h3 e5 7. Nde2 Be7 8. g4
h6 9. Ng3 Nc6 10. Be3 Be6 11. Bg2 Na5 12. O-O Nc4 13. Bc1 O-O 14. b3 Nb6 15.
Be3 Rc8 16. Nd5 Nbxd5 17. exd5 Bd7 18. Qd2 Kh7 19. a4 b5 20. axb5 axb5 21. Ra7
Ra8 22. Rfa1 Rxa7 23. Rxa7 Ng8 24. Bf1 g6 25. Qa5 Qxa5 26. Rxa5 f5 27. Ra7 Bc8
28. gxf5 gxf5 29. f4 Kg6 30. Bxb5 Bh4 31. Ne2 Nf6 32. c4 Ne4 33. c5 exf4 34.
Nxf4+ Kf6 35. Bd4+ Kg5 36. Ng2 Rg8 37. Kf1 dxc5 38. Be3+ f4 39. Bxf4+ Kf6 40.
Nxh4 Bxh3+ 41. Ke2 Nc3+ 42. Kd3 Nxb5 43. Ra6+ Ke7 44. Rxh6 Bf1+ 45. Ke4 Re8 46.
d6+ Kd7+ 47. Kd5 Nc3+ 48. Kxc5 Rc8+ 49. Kd4 Ne2+ 50. Ke4 Nxf4 51. Kxf4 Bd3 52.
Nf3 Re8 53. Ne5+ 1-0

[Event "OSREDNJA SLOVENSKA LIGA 2025"]
[Site "gostovanja"]
[Date "2025.10.16"]
[Round "5.2"]
[White "Suhadolnik, Jernej"]
[Black "Lucovnik, Tilen"]
[Result "0-1"]
[WhiteElo "1887"]
[BlackElo "2154"]
[PlyCount "104"]
[EventDate "2025.09.18"]
[WhiteTeam "SK TRZIN BUSCOTRADE"]
[BlackTeam "SK KOMENDA POPOTNIK"]

1. g4 e5 2. Bg2 d5 3. e3 c6 4. b3 Qh4 5. h3 e4 6. d3 Qf6 7. c3 exd3 8. Qxd3 h5
9. e4 Bc5 10. Qe2 dxe4 11. g5 Qe7 12. Nd2 e3 13. fxe3 Qxg5 14. Ne4 Qh4+ 15. Kf1
Qe7 16. a4 Nf6 17. Nxc5 Qxc5 18. Bb2 Be6 19. c4 Nbd7 20. Nf3 Qb6 21. Nd4 a5 22.
e4 O-O-O 23. e5 Ne8 24. Nxe6 fxe6 25. Ba3 Qxb3 26. Be7 Nc7 27. Bxd8 Rxd8 28.
Kf2 Rf8+ 29. Kg1 Qc3 30. Kh2 Qxe5+ 31. Qxe5 Nxe5 32. Rhf1 Rf5 33. Rxf5 exf5 34.
Re1 Nxc4 35. Re7 g5 36. Bf1 Nd6 37. Bd3 b5 38. Re5 bxa4 39. Rxa5 Nd5 40. Rxa4
Kd7 41. Kg3 Ke6 42. Ra5 Nf7 43. Bc4 f4+ 44. Kf2 Ne5 45. Bxd5+ cxd5 46. Ra6+ Kf5
47. h4 g4 48. Rd6 g3+ 49. Kf1 Ke4 50. Rh6 Ng4 51. Rxh5 f3 52. Ke1 g2 0-1

[Event "OSREDNJA SLOVENSKA LIGA 2025"]
[Site "gostovanja"]
[Date "2025.10.16"]
[Round "5.2"]
[White "Zidar, Jernej"]
[Black "Skube, Zan"]
[Result "1-0"]
[WhiteElo "2036"]
[BlackElo "1835"]
[PlyCount "89"]
[EventDate "2025.09.18"]
[WhiteTeam "SK KOMENDA POPOTNIK"]
[BlackTeam "SK TRZIN BUSCOTRADE"]

1. d4 d5 2. c4 c6 3. Nf3 Nf6 4. g3 Bf5 5. Bg2 e6 6. O-O h6 7. Nc3 Nbd7 8. Qb3
Qb6 9. c5 Qxb3 10. axb3 a6 11. b4 Rc8 12. Nd2 Be7 13. Nb3 Bd8 14. Bf4 g5 15.
Bd6 Bc7 16. Bxc7 Rxc7 17. b5 Nb8 18. bxa6 Nxa6 19. Na5 O-O 20. Rfc1 Ra8 21. Na4
Nd7 22. Nb6 Nxb6 23. cxb6 Rd7 24. Nb3 Rdd8 25. Ra4 f6 26. Bf1 e5 27. e3 Rab8
28. Na5 Bd7 29. Ra3 exd4 30. exd4 Rdc8 31. Nxb7 Nb4 32. Nc5 Bf5 33. b7 Rc7 34.
Ra4 Nc2 35. Bd3 Bxd3 36. Nxd3 Nxd4 37. Rxd4 Rbxb7 38. Rb4 Ra7 39. Rb6 Kg7 40.
Rcxc6 Rxc6 41. Rxc6 Ra1+ 42. Kg2 Rd1 43. Nc5 Rb1 44. b3 h5 45. Rd6 1-0

[Event "OSREDNJA SLOVENSKA LIGA 2025"]
[Site "gostovanja"]
[Date "2025.10.16"]
[Round "5.2"]
[White "Banfi, Gregor"]
[Black "Juhant, Igor"]
[Result "1/2-1/2"]
[WhiteElo "1812"]
[BlackElo "1972"]
[PlyCount "46"]
[EventDate "2025.09.18"]
[WhiteTeam "SK TRZIN BUSCOTRADE"]
[BlackTeam "SK KOMENDA POPOTNIK"]

1. e4 c6 2. d4 d5 3. exd5 cxd5 4. Bd3 Nc6 5. c3 Nf6 6. h3 g6 7. Nf3 Qc7 8. Qe2
Bg7 9. Bg5 O-O 10. O-O h6 11. Bh4 Nh5 12. Re1 Re8 13. Qc2 Kh7 14. Nbd2 e5 15.
Nxe5 Nxe5 16. dxe5 Bxe5 17. Nf3 Bd7 18. Nxe5 Rxe5 19. Rxe5 Qxe5 20. Qe2 Re8 21.
Qxe5 Rxe5 22. Bd8 Kg7 23. Bc7 Re6 1/2-1/2

[Event "OSREDNJA SLOVENSKA LIGA 2025"]
[Site "gostovanja"]
[Date "2025.10.16"]
[Round "5.3"]
[White "Kirasic, Branko"]
[Black "Mlacnik, Janez"]
[Result "1-0"]
[WhiteElo "1938"]
[BlackElo "1875"]
[PlyCount "53"]
[EventDate "2025.09.18"]
[WhiteTeam "SK VISNJA GORA 2"]
[BlackTeam "DRUSTVO KPSRD KAREL JERAJ"]

1. e4 e6 2. d4 d5 3. e5 c5 4. c3 Nd7 5. f4 Ne7 6. Nf3 Nc6 7. Be2 Be7 8. O-O O-O
9. Be3 b6 10. Nbd2 a5 11. Bb5 Qc7 12. g4 f5 13. gxf5 exf5 14. Ng5 Nd8 15. Qf3
Bb7 16. Nxh7 Kxh7 17. Qh5+ Kg8 18. Bd3 Ba6 19. Bxf5 Rxf5 20. Qxf5 Bxf1 21. Rxf1
Nf8 22. Rf3 Qd7 23. Qh5 g6 24. Rg3 Kf7 25. Qf3 Nfe6 26. f5 gxf5 27. Qh5+ 1-0

[Event "OSREDNJA SLOVENSKA LIGA 2025"]
[Site "gostovanja"]
[Date "2025.10.16"]
[Round "5.3"]
[White "Vertacnik, Viktor"]
[Black "Mirtic, Lovro"]
[Result "1/2-1/2"]
[WhiteElo "1705"]
[BlackElo "1879"]
[PlyCount "82"]
[EventDate "2025.09.18"]
[WhiteTeam "DRUSTVO KPSRD KAREL JERAJ"]
[BlackTeam "SK VISNJA GORA 2"]

1. e4 e5 2. Nf3 Nf6 3. Nxe5 d6 4. Nf3 Nxe4 5. d4 Be7 6. Bd3 d5 7. O-O O-O 8.
Re1 Bf5 9. Nbd2 Nxd2 10. Bxf5 Nxf3+ 11. Qxf3 g6 12. Bd3 c6 13. Bh6 Re8 14. Re2
Bf8 15. Rxe8 Qxe8 16. Bxf8 Kxf8 17. Kf1 Nd7 18. Re1 Qd8 19. Qe3 Nf6 20. h3 Qd6
21. Qe5 Rd8 22. g4 h6 23. f4 b6 24. Qxd6+ Rxd6 25. Kf2 c5 26. c3 cxd4 27. cxd4
Ng8 28. Rc1 Ne7 29. Bb5 Re6 30. Re1 Nc8 31. Rxe6 fxe6 32. Bd7 Nd6 33. Bxe6 Nb5
34. Ke3 Nc7 35. Bc8 Ke7 36. f5 g5 37. Kd3 Kd6 38. a4 a5 39. Kc3 Ne8 40. Bb7 Nf6
41. Kd3 Ne4 1/2-1/2

[Event "OSREDNJA SLOVENSKA LIGA 2025"]
[Site "gostovanja"]
[Date "2025.10.16"]
[Round "5.3"]
[White "Miceli, Dario Edgardo"]
[Black "Cizman, Gregor"]
[Result "1/2-1/2"]
[WhiteElo "1756"]
[BlackElo "1676"]
[PlyCount "54"]
[EventDate "2025.09.18"]
[WhiteTeam "SK VISNJA GORA 2"]
[BlackTeam "DRUSTVO KPSRD KAREL JERAJ"]

1. d4 d5 2. Nf3 c6 3. e3 Bf5 4. c4 e6 5. Qb3 Qb6 6. c5 Qxb3 7. axb3 Bxb1 8.
Rxb1 Nf6 9. Bd3 Nbd7 10. Ra1 Be7 11. b4 O-O 12. b5 Ne4 13. O-O Bf6 14. Bxe4
dxe4 15. Nd2 cxb5 16. Nxe4 Be7 17. b4 Nf6 18. Nc3 a6 19. Bb2 Rfd8 20. Rfd1 Nd5
21. Na2 Bf6 22. e4 Ne7 23. Rab1 Rd7 24. f4 g6 25. e5 Bg7 26. g3 Nd5 27. Rd3 Rc8
1/2-1/2

[Event "OSREDNJA SLOVENSKA LIGA 2025"]
[Site "gostovanja"]
[Date "2025.10.16"]
[Round "5.4"]
[White "Veskovic, Dzemal"]
[Black "Azinovic, Igor"]
[Result "0-1"]
[WhiteElo "1885"]
[BlackElo "1792"]
[PlyCount "108"]
[EventDate "2025.09.18"]
[WhiteTeam "SD MENGES - TRZIN"]
[BlackTeam "SK DOL PRI LJUBLJANI"]

1. e4 c5 2. Nc3 Nc6 3. Nf3 d6 4. h3 Nf6 5. Bc4 e6 6. a3 Be7 7. O-O O-O 8. d4 d5
9. exd5 exd5 10. Be2 h6 11. Be3 b6 12. Nh2 Be6 13. f4 Qc7 14. Kh1 Rad8 15. f5
Bc8 16. Bf4 Qd7 17. Be5 cxd4 18. Bxd4 Nxd4 19. Qxd4 Bc5 20. Qd3 Rfe8 21. Ng4
Nxg4 22. Bxg4 f6 23. Rae1 Bb7 24. Re6 Rxe6 25. fxe6 Qe7 26. Qg6 Qe8 27. Bf5
Qxg6 28. Bxg6 Kf8 29. b4 Bd4 30. Ne2 Be5 31. Rd1 Ke7 32. Bf5 Bc8 33. g4 Bxe6
34. Bxe6 Kxe6 35. c4 Rd7 36. c5 bxc5 37. bxc5 Rc7 38. Rc1 d4 39. Rd1 Kd5 40.
Nc3+ Kxc5 41. Ne4+ Kc4 42. Kg2 Kb3 43. Rd3+ Rc3 44. Rd1 Re3 45. Nc5+ Kc2 46.
Rf1 d3 47. Nxd3 Rxd3 48. a4 Ra3 49. Kf2 Rxh3 50. Ke2 Ra3 51. Rf2 Rxa4 52. Kf3+
Kd3 53. Rg2 Rf4+ 54. Kg3 Rf1+ 0-1

[Event "OSREDNJA SLOVENSKA LIGA 2025"]
[Site "gostovanja"]
[Date "2025.10.16"]
[Round "5.4"]
[White "Repe, Jure"]
[Black "Sedlar, Tomo"]
[Result "0-1"]
[WhiteElo "1763"]
[BlackElo "1871"]
[PlyCount "88"]
[EventDate "2025.09.18"]
[WhiteTeam "SK DOL PRI LJUBLJANI"]
[BlackTeam "SD MENGES - TRZIN"]

1. d4 d5 2. Nf3 Nf6 3. c4 c6 4. Nc3 e6 5. g3 Bd6 6. Bg2 O-O 7. O-O Nbd7 8. Qd3
dxc4 9. Qxc4 e5 10. dxe5 Nxe5 11. Nxe5 Bxe5 12. Rd1 Qc7 13. Bd2 Be6 14. Qa4
Rfd8 15. Rac1 Rd4 16. Qc2 Rd7 17. Ne4 Nxe4 18. Bxe4 g6 19. Bc3 Rad8 20. Rxd7
Rxd7 21. Bxe5 Qxe5 22. a3 Bd5 23. Bxd5 Qxd5 24. Qc3 Qd2 25. Rc2 Qxc3 26. Rxc3
Rd2 27. b4 Rxe2 28. Kf1 Ra2 29. h4 Kf8 30. Kg2 f5 31. Kf3 Ke7 32. Rd3 Ke6 33.
Ke3 h6 34. f4 b6 35. Kd4 Rc2 36. Ke3 c5 37. bxc5 Rxc5 38. Kd2 Rd5 39. Rxd5 Kxd5
40. Kd3 b5 41. Kc3 a5 42. Kd3 b4 43. axb4 axb4 44. Kd2 Ke4 0-1

[Event "OSREDNJA SLOVENSKA LIGA 2025"]
[Site "gostovanja"]
[Date "2025.10.16"]
[Round "5.4"]
[White "Simicak, Metod"]
[Black "Magerl, Zan"]
[Result "1/2-1/2"]
[WhiteElo "1875"]
[BlackElo "1677"]
[PlyCount "136"]
[EventDate "2025.09.18"]
[WhiteTeam "SD MENGES - TRZIN"]
[BlackTeam "SK DOL PRI LJUBLJANI"]

1. e4 e5 2. Nf3 Nf6 3. Nc3 Nc6 4. Bb5 Bc5 5. Bxc6 dxc6 6. h3 O-O 7. O-O Re8 8.
d3 h6 9. Be3 Bd4 10. Qd2 b6 11. Nd1 Ba6 12. Qb4 Bxe3 13. Nxe3 Qd6 14. Qc3 Nd7
15. b4 g6 16. Rfd1 Qe6 17. Ng4 Kh7 18. Rd2 f5 19. exf5 gxf5 20. Ngh2 Rg8 21.
Re1 Qd5 22. Qb3 Rae8 23. Rde2 Qxb3 24. axb3 e4 25. Nh4 Ref8 26. c4 exd3 27. Rd2
Bc8 28. Rxd3 Rg7 29. Rde3 Nf6 30. Re7 Rff7 31. Rxf7 Rxf7 32. N2f3 f4 33. Ne5
Rg7 34. Kf1 b5 35. Nxc6 bxc4 36. bxc4 a6 37. Re7 Rxe7 38. Nxe7 Be6 39. c5 Bc4+
40. Ke1 Nd5 41. Nxd5 Bxd5 42. Kd2 Kg7 43. Kd3 Kf6 44. Kd4 c6 45. g3 fxg3 46.
fxg3 Bh1 47. Ke3 Ke5 48. Nf3+ Kd5 49. Nd2 Bg2 50. h4 a5 51. bxa5 Kxc5 52. g4
Kb5 53. Ne4 Kxa5 54. g5 hxg5 55. h5 Bh3 56. Nd6 Be6 57. h6 Bg8 58. Nf7 Bh7 59.
Nxg5 Bg6 60. Kd4 Kb4 61. Ne6 Kb5 62. Nc5 Bh7 63. Nb7 Kb6 64. Nd6 Kc7 65. Kc5
Kd7 66. Nf7 Ke7 67. Ng5 Bg6 68. Ne4 Bxe4 1/2-1/2

[Event "OSREDNJA SLOVENSKA LIGA 2025"]
[Site "gostovanja"]
[Date "2025.10.16"]
[Round "5.5"]
[White "Poglajen, Franc"]
[Black "Belyaletdinov, Leonard"]
[Result "0-1"]
[WhiteElo "1828"]
[BlackElo "2130"]
[PlyCount "66"]
[EventDate "2025.09.18"]
[WhiteTeam "SK KOMENDA POGI"]
[BlackTeam "SK LJUBLJANA TAJFUN"]

1. e4 c6 2. d4 d5 3. exd5 cxd5 4. Bd3 Nc6 5. c3 Nf6 6. Bf4 g6 7. Ne2 Bf5 8.
Bxf5 gxf5 9. Nd2 e6 10. Nf3 Bd6 11. Bg3 Ne4 12. Bh4 Be7 13. Bxe7 Qxe7 14. Nf4
O-O-O 15. Qe2 f6 16. O-O-O Rhe8 17. Rhe1 Qc7 18. g3 Qa5 19. Kb1 e5 20. dxe5
fxe5 21. Nd3 d4 22. cxd4 exd4 23. Qc2 Kb8 24. Nd2 Qb5 25. Nb3 Rc8 26. Qc1 Ka8
27. Qf4 a5 28. f3 a4 29. fxe4 axb3 30. axb3 fxe4 31. Rxe4 Qxb3 32. Rd2 Rf8 33.
Qg4 Nb4 0-1

[Event "OSREDNJA SLOVENSKA LIGA 2025"]
[Site "gostovanja"]
[Date "2025.10.16"]
[Round "5.5"]
[White "Borstar, Dusan"]
[Black "Hribar, Izak"]
[Result "0-1"]
[WhiteElo "1838"]
[BlackElo "1706"]
[PlyCount "106"]
[EventDate "2025.09.18"]
[WhiteTeam "SK LJUBLJANA TAJFUN"]
[BlackTeam "SK KOMENDA POGI"]

1. e4 c5 2. Nf3 Nc6 3. d4 cxd4 4. Nxd4 e6 5. Nc3 Bb4 6. Ndb5 Nge7 7. Nd6+ Bxd6
8. Qxd6 O-O 9. Nb5 Qa5+ 10. Bd2 Qd8 11. Bc3 a6 12. Qg3 f6 13. Nd6 Qc7 14. Rd1
b5 15. a3 e5 16. Be2 Bb7 17. Bg4 Rad8 18. Qh3 Nd4 19. Bxd4 Qxd6 20. Be3 Qc7 21.
c3 Bc6 22. O-O d5 23. Be6+ Kh8 24. exd5 Bxd5 25. f4 e4 26. Bd4 Bc4 27. Rfe1 Bd3
28. Qe3 Qc6 29. f5 Nd5 30. Qf2 Rfe8 31. h3 Rb8 32. Ba7 Rb7 33. Qd4 Nf4 34. Rd2
Nxe6 35. fxe6 Rbe7 36. Qc5 Qxc5+ 37. Bxc5 Rxe6 38. Kf2 f5 39. g3 Kg8 40. Ke3
Kf7 41. Kf4 Kf6 42. Bd4+ Kg6 43. Rg1 Rf8 44. Re1 Bc4 45. Rg1 Kh6 46. h4 Kg6 47.
Rf2 Bd5 48. Rd2 e3 49. h5+ Kxh5 50. Rh2+ Kg6 51. Be5 Rfe8 52. g4 Rxe5 53. gxf5+
Kf6 0-1

[Event "OSREDNJA SLOVENSKA LIGA 2025"]
[Site "gostovanja"]
[Date "2025.10.16"]
[Round "5.5"]
[White "Zagar, Katarina"]
[Black "Tomazin Kosorok, Tadej"]
[Result "0-1"]
[WhiteElo "1542"]
[BlackElo "1614"]
[PlyCount "78"]
[EventDate "2025.09.18"]
[WhiteTeam "SK KOMENDA POGI"]
[BlackTeam "SK LJUBLJANA TAJFUN"]

1. d4 d5 2. c4 dxc4 3. e3 e6 4. Bxc4 Nf6 5. Nf3 c5 6. O-O a6 7. Ne5 Nbd7 8. Qa4
Bd6 9. Bb5 O-O 10. Nxd7 Bxd7 11. Bxd7 Qxd7 12. Qxd7 Nxd7 13. Rd1 Nf6 14. dxc5
Bxc5 15. Nc3 Rad8 16. Bd2 Rd7 17. Be1 Rfd8 18. Kf1 Kf8 19. e4 Rxd1 20. Rxd1
Rxd1 21. Nxd1 Nxe4 22. f3 Nd6 23. b3 Ke7 24. Ke2 Nb5 25. Kd3 Kd7 26. Nc3 Bb4
27. Bd2 Bxc3 28. Bxc3 Nxc3 29. Kxc3 Kd6 30. Kc4 e5 31. a4 f5 32. b4 b6 33. g4
g6 34. gxf5 gxf5 35. h3 h6 36. b5 a5 37. h4 h5 38. f4 exf4 39. Kd4 Ke6 0-1

[Event "OSREDNJA SLOVENSKA LIGA 2025"]
[Site "gostovanja"]
[Date "2025.10.16"]
[Round "5.5"]
[White "Verbic, Jan"]
[Black "Perme, Stanko"]
[Result "1-0"]
[WhiteElo "1669"]
[BlackElo "1496"]
[PlyCount "63"]
[EventDate "2025.09.18"]
[WhiteTeam "SK LJUBLJANA TAJFUN"]
[BlackTeam "SK KOMENDA POGI"]

1. e4 e5 2. Nf3 Nc6 3. Bc4 Bc5 4. c3 Nf6 5. d3 h6 6. O-O O-O 7. Nbd2 d6 8. h3
Be6 9. Re1 Qd7 10. Bb3 Bxh3 11. gxh3 Qxh3 12. Nf1 Ng4 13. Be3 Bb6 14. Bxb6 axb6
15. Ng3 Ne7 16. Qe2 Nf6 17. Qf1 Qd7 18. Qg2 Ng6 19. Nf5 Kh7 20. N3h4 Nh5 21.
Re3 Nxh4 22. Nxh4 g6 23. Rae1 Qe7 24. Qg4 Nf4 25. Ng2 Nxg2 26. Qxg2 Rg8 27. Rh3
h5 28. Qf3 Rg7 29. Kh2 Rf8 30. Rg1 f5 31. exf5 Rxf5 32. Qxf5 1-0

[Event "OSREDNJA SLOVENSKA LIGA 2025"]
[Site "gostovanja"]
[Date "2025.10.16"]
[Round "5.6"]
[White "Kastelic, Marjan"]
[Black "Lanjscek, Miha"]
[Result "1-0"]
[WhiteElo "2235"]
[BlackElo "1842"]
[PlyCount "79"]
[EventDate "2025.09.18"]
[WhiteTeam "SK VISNJA GORA 1"]
[BlackTeam "SK TRZIN"]

1. d4 Nf6 2. c4 e6 3. Nf3 a5 4. e3 Bb4+ 5. Nbd2 O-O 6. Bd3 d5 7. O-O b6 8. a3
Bd6 9. e4 dxe4 10. Nxe4 Nbd7 11. Nxd6 cxd6 12. Bf4 Qc7 13. Re1 Nh5 14. Bd2 Nhf6
15. Rc1 Bb7 16. h3 e5 17. d5 Rae8 18. Nh4 Nc5 19. Bb1 e4 20. Bc3 Qd8 21. Nf5
Bc8 22. Ng3 Bd7 23. b4 Ba4 24. Qe2 axb4 25. axb4 Nd3 26. Bxd3 exd3 27. Qxd3 Bd7
28. Qf3 Rxe1+ 29. Rxe1 Re8 30. Ra1 h6 31. Bxf6 Qxf6 32. Qxf6 gxf6 33. Nh5 Rd8
34. Ra6 Bf5 35. Rxb6 Bd3 36. c5 Bg6 37. Nxf6+ Kg7 38. Rxd6 Rxd6 39. Ne8+ Kf8
40. Nxd6 1-0

[Event "OSREDNJA SLOVENSKA LIGA 2025"]
[Site "gostovanja"]
[Date "2025.10.16"]
[Round "5.6"]
[White "Konvalinka, Kostja"]
[Black "Medvesek, Janez"]
[Result "1/2-1/2"]
[WhiteElo "1704"]
[BlackElo "1962"]
[PlyCount "118"]
[EventDate "2025.09.18"]
[WhiteTeam "SK TRZIN"]
[BlackTeam "SK VISNJA GORA 1"]

1. e4 c5 2. Nf3 a6 3. d4 cxd4 4. Nxd4 Nf6 5. Nc3 e5 6. Nf3 Bb4 7. Bd2 d6 8. Bd3
O-O 9. h3 Re8 10. O-O Nbd7 11. a3 Bc5 12. Qe2 b5 13. Rfe1 Bb7 14. b4 Bd4 15.
Rad1 Bxc3 16. Bxc3 d5 17. Bxb5 axb5 18. Qxb5 Qb6 19. Qxb6 Nxb6 20. exd5 Nfxd5
21. Bxe5 Rxa3 22. Bd4 Raa8 23. Bc5 f6 24. Nd4 Nc4 25. Nf5 Nf4 26. f3 Ne6 27.
Ne7+ Kf7 28. Rd7 Nxc5 29. bxc5 Ba6 30. f4 Kf8 31. g4 Rac8 32. Ra7 Rxc5 33. Rxa6
Rxe7 34. Rxe7 Kxe7 35. f5 Ne5 36. Ra8 Rc7 37. Kg2 Kd6 38. Kg3 Rc3+ 39. Kg2 Nc6
40. h4 Nd4 41. Ra7 Rxc2+ 42. Kg3 Rc7 43. Ra8 h6 44. Kf4 Nc6 45. g5 hxg5+ 46.
hxg5 Ne7 47. gxf6 gxf6 48. Rd8+ Rd7 49. Ra8 Nd5+ 50. Ke4 Rb7 51. Rd8+ Kc6 52.
Rxd5 Rb4+ 53. Rd4 Rxd4+ 54. Kxd4 Kd6 55. Ke4 Kc5 56. Kf4 Kd4 57. Kf3 Kd3 58.
Kf4 Kd4 59. Kf3 Ke5 1/2-1/2

[Event "OSREDNJA SLOVENSKA LIGA 2025"]
[Site "gostovanja"]
[Date "2025.10.16"]
[Round "5.6"]
[White "Jancigaj, Saso Valentin"]
[Black "Markic, Vladimir"]
[Result "1/2-1/2"]
[WhiteElo "1787"]
[BlackElo "1753"]
[PlyCount "120"]
[EventDate "2025.09.18"]
[WhiteTeam "SK VISNJA GORA 1"]
[BlackTeam "SK TRZIN"]

1. f4 d5 2. Nf3 Nf6 3. e3 Bg4 4. b3 e6 5. Bb2 Be7 6. a3 O-O 7. Be2 c5 8. d3 Nc6
9. O-O Rc8 10. Nbd2 Qb6 11. Ne5 Bxe2 12. Qxe2 Rfd8 13. Rad1 Nxe5 14. fxe5 Nd7
15. Rf3 Qc7 16. Rdf1 Rf8 17. Rh3 f5 18. exf6 Bxf6 19. Qh5 h6 20. Bxf6 Rxf6 21.
Rxf6 Nxf6 22. Qg6 Qe5 23. Nf1 Kf8 24. Rf3 Kg8 25. Rh3 Kf8 26. Rg3 Rc7 27. Rf3
Kg8 28. e4 dxe4 29. dxe4 Qd4+ 30. Kh1 Qe5 31. Rd3 Rc8 32. h3 Rf8 33. Ng3 Qa1+
34. Kh2 Qe5 35. c4 b6 36. b4 a6 37. bxc5 Qxc5 38. Rb3 b5 39. cxb5 axb5 40. Rb4
Qe5 41. a4 bxa4 42. Rxa4 Qc3 43. Ra6 Qe5 44. Ra7 Ne8 45. Re7 Nc7 46. Rd7 Ne8
47. Rd8 Qf6 48. Qxf6 Nxf6 49. Rd6 Re8 50. Ra6 Kf7 51. Kg1 Re7 52. Kf2 Rb7 53.
Ra3 g6 54. Rd3 Ke7 55. Re3 Nd7 56. Ne2 Rb2 57. g4 g5 58. Kg3 Ne5 59. Nc3 Rd2
60. Nb1 Rd3 1/2-1/2

[Event "OSREDNJA SLOVENSKA LIGA 2025"]
[Site "gostovanja"]
[Date "2025.10.16"]
[Round "5.7"]
[White "Drobnic, Milan"]
[Black "Levacic, Matic"]
[Result "0-1"]
[WhiteElo "2006"]
[BlackElo "1875"]
[PlyCount "92"]
[EventDate "2025.09.18"]
[WhiteTeam "SK LOSKA DOLINA"]
[BlackTeam "ZELENCI LPP"]

1. d4 d5 2. c4 dxc4 3. Nf3 Nf6 4. g3 c6 5. Bg2 g6 6. O-O Bg7 7. Ne5 Nbd7 8.
Nxc4 Nb6 9. Ne5 Nfd7 10. f4 Nxe5 11. fxe5 Be6 12. Nc3 O-O 13. Bg5 h6 14. Bf4
Qd7 15. e4 Rad8 16. Ne2 Bc4 17. Be3 Bxe5 18. dxe5 Qxd1 19. Rfxd1 Bxe2 20. Rxd8
Rxd8 21. Bxh6 Nc4 22. e6 Nxb2 23. exf7+ Kxf7 24. Kf2 Ba6 25. Rb1 Nd3+ 26. Ke3
Ne5 27. h3 Rd3+ 28. Kf4 Rd2 29. Bf1 Nd7 30. Bxa6 bxa6 31. Rb7 Nc5 32. Rxa7 Rxa2
33. Kf3 Ne6 34. Bf4 Ra3+ 35. Kg4 Nxf4 36. gxf4 Ra4 37. Kg5 Rxe4 38. Rxa6 Rc4
39. h4 Rc1 40. Kg4 c5 41. Rc6 c4 42. h5 gxh5+ 43. Kxh5 c3 44. Kg5 c2 45. Kf5
e6+ 46. Rxe6 Rg1 0-1

[Event "OSREDNJA SLOVENSKA LIGA 2025"]
[Site "gostovanja"]
[Date "2025.10.16"]
[Round "5.7"]
[White "Novakovic, Gosto"]
[Black "Mulec, Dejan"]
[Result "0-1"]
[WhiteElo "1841"]
[BlackElo "1724"]
[PlyCount "38"]
[EventDate "2025.09.18"]
[WhiteTeam "ZELENCI LPP"]
[BlackTeam "SK LOSKA DOLINA"]

1. e4 c5 2. f4 g6 3. Nf3 Bg7 4. Bc4 e6 5. Nc3 Nc6 6. O-O Nge7 7. e5 d5 8. Be2
a6 9. d4 cxd4 10. Nxd4 Bd7 11. Nf3 O-O 12. Be3 f6 13. Bd4 Nxd4 14. Qxd4 Nc6 15.
Qe3 d4 16. Nxd4 Qb6 17. Nf5 Qxe3+ 18. Nxe3 fxe5 19. Nc4 exf4 {nejasno (47)} 0-1